[Event "Krasnoyarsk Region-ch"]
[Site "Krasnoyarsk"]
[Date "2016.10.05"]
[Round "7"]
[White "Grigorian, Marine"]
[Black "Lukanov, Viktor"]
[Result "1-0"]
[WhiteElo "2117"]
[BlackElo "2164"]
[PlyCount "93"]
[EventDate "2016.09.29"]
[EventType "swiss"]
[EventRounds "11"]
[EventCountry "RUS"]
[SourceTitle "EXT 2018"]
[Source "ChessBase"]
[SourceDate "2017.10.13"]
[SourceVersion "1"]
[SourceVersionDate "2017.10.13"]
[SourceQuality "1"]

1. d4 f5 2. g3 Nf6 3. Bg2 e6 4. Nf3 d6 5. 0-0 Be7 6. c4 0-0 7. Nc3 c6 8. Qc2 d5 9. Rd1 Qe8 10. Rb1 a5 11. a3 Na6 12. Na4 Ne4 13. Nb6 Ra7 14. Qa4 Nc7 15. Bf4 Na8 16. Nxa8 Rxa8 17. Nd2 Bd7 18. c5 g5 19. Be5 Nxd2 20. Rxd2 f4 21. gxf4 gxf4 22. Kh1 Bh4 23. e3 fxe3 24. fxe3 Bf2 25. Qb3 Rf5 26. e4 Rxe5 27. dxe5 Bxc5 28. exd5 a4 29. Qc4 Be3 30. Rd3 exd5 31. Bxd5+ cxd5 32. Qxd5+ Be6 33. Qg2+ Kh8 34. Rxe3 Qd7 35. Qf2 Qd5+ 36. Kg1 Rg8+ 37. Rg3 Rxg3+ 38. hxg3 Qxe5 39. Re1 Qf5 40. Qxf5 Bxf5 41. Re8+ Kg7 42. Re7+ Kf6 43. Rxb7 Ke5 44. Kf2 Bc2 45. Ke3 Kd5 46. Kd2 Bg6 47. Ra7 1-0

[Event "Krasnoyarsk Region-ch"]
[Site "Krasnoyarsk"]
[Date "2016.09.30"]
[Round "2"]
[White "Bychkov, Vladimir"]
[Black "Lukanov, Viktor"]
[Result "1-0"]
[WhiteElo "2216"]
[BlackElo "2164"]
[PlyCount "113"]
[EventDate "2016.09.29"]
[EventType "swiss"]
[EventRounds "11"]
[EventCountry "RUS"]
[SourceTitle "EXT 2018"]
[Source "ChessBase"]
[SourceDate "2017.10.13"]
[SourceVersion "1"]
[SourceVersionDate "2017.10.13"]
[SourceQuality "1"]

1. Nf3 Nf6 2. c4 e6 3. d4 d5 4. Nc3 Nbd7 5. Bg5 Be7 6. e3 c6 7. Qc2 Ne4 8. Bxe7 Qxe7 9. Bd3 Nxc3 10. Qxc3 0-0 11. 0-0 Re8 12. e4 dxe4 13. Bxe4 Nf6 14. Bc2 c5 15. dxc5 Qxc5 16. b4 Qc7 17. c5 Bd7 18. Rfd1 Bc6 19. Qe5 Qxe5 20. Nxe5 Bd5 21. a3 Rec8 22. Rdc1 Rc7 23. f3 Rd8 24. Kf2 g6 25. Ba4 Kf8 26. Rc2 a6 27. Rac1 Ng8 28. Rd1 Ke7 29. Rcd2 Rdc8 30. Re2 Nf6 31. Rd4 Rd8 32. Red2 Rdc8 33. h4 h6 34. Ke3 g5 35. Kf2 Rg8 36. Bd1 h5 37. hxg5 Rxg5 38. Re2 Rc8 39. Bc2 Rh8 40. Nd3 h4 41. Nf4 Bc6 42. Bb3 Rhg8 43. Kf1 Rg3 44. Re3 Ng4 45. Rc3 e5 46. Nd5+ Kf8 47. Rxg4 R8xg4 48. fxg4 Rxg4 49. Ne3 Rf4+ 50. Kg1 f5 51. Bd5 Bxd5 52. Nxd5 Rd4 53. Ne3 f4 54. Nf5 Rd1+ 55. Kf2 e4 56. Nxh4 Ra1 57. Ng6+ 1-0

[Event "Abakan op"]
[Site "Abakan"]
[Date "2013.12.07"]
[Round "8"]
[White "Lukanov, Viktor"]
[Black "Malezkey, Vladimir"]
[Result "1-0"]
[WhiteElo "2197"]
[BlackElo "2066"]
[PlyCount "87"]
[EventDate "2013.11.30"]
[EventType "swiss"]
[EventRounds "9"]
[EventCountry "RUS"]
[SourceTitle "EXT 2015"]
[Source "ChessBase"]
[SourceDate "2014.11.20"]
[SourceVersion "1"]
[SourceVersionDate "2014.11.20"]
[SourceQuality "1"]

1. d4 Nf6 2. c4 c5 3. Nf3 cxd4 4. Nxd4 Nc6 5. Nc3 g6 6. e4 d6 7. Bg5 Bg7 8. Nxc6 bxc6 9. Be2 0-0 10. Qd2 Rb8 11. Rc1 Re8 12. 0-0 Be6 13. Rfd1 Qb6 14. b3 Rbd8 15. h3 Bc8 16. Be3 Qc7 17. Qc2 Qb8 18. Rd2 Bb7 19. Rcd1 c5 20. Nd5 Nxd5 21. exd5 Bc8 22. Bd3 Rd7 23. Re2 Rb7 24. Qd2 Qc7 25. Rde1 a5 26. Bg5 f6 27. Bh6 a4 28. Bc2 axb3 29. axb3 Qd8 30. Bf4 Ra7 31. Qe3 Ra2 32. Qg3 Bd7 33. h4 Kf7 34. Bxg6+ hxg6 35. Rxa2 Qb8 36. Rae2 Bf8 37. Qf3 Qc8 38. Qg3 Qb7 39. Re3 Ra8 40. h5 Bf5 41. hxg6+ Bxg6 42. Qg4 Qc8 43. Re6 Ra7 44. Rxf6+ 1-0

[Event "Abakan op"]
[Site "Abakan"]
[Date "2013.12.01"]
[Round "2"]
[White "Topoev, Oleg"]
[Black "Lukanov, Viktor"]
[Result "0-1"]
[WhiteElo "1856"]
[BlackElo "2197"]
[PlyCount "92"]
[EventDate "2013.11.30"]
[EventType "swiss"]
[EventRounds "9"]
[EventCountry "RUS"]
[SourceTitle "EXT 2015"]
[Source "ChessBase"]
[SourceDate "2014.11.20"]
[SourceVersion "1"]
[SourceVersionDate "2014.11.20"]
[SourceQuality "1"]

1. c4 c6 2. d4 d5 3. cxd5 cxd5 4. Nc3 Nf6 5. Nf3 Nc6 6. Bf4 Qb6 7. Na4 Qa5+ 8. Bd2 Qd8 9. Nc3 e6 10. Bg5 Be7 11. e3 h6 12. Bh4 Bd7 13. Ne5 Rc8 14. Qb3 0-0 15. Nxd7 Qxd7 16. h3 Na5 17. Qd1 Nc4 18. Bxf6 Bxf6 19. Bxc4 Rxc4 20. 0-0 Rfc8 21. Rc1 Bd8 22. Ne2 Qb5 23. b3 Rxc1 24. Nxc1 Be7 25. Qd3 Qa5 26. Rd1 Ba3 27. Ne2 Rc6 28. Rd2 a6 29. Kf1 Qc7 30. g3 h5 31. Kg2 Bb4 32. Rb2 g6 33. f3 Kf8 34. f4 Ke8 35. Kf3 Kd8 36. g4 hxg4+ 37. hxg4 Kc8 38. f5 gxf5 39. Nf4 Rc3 40. Qe2 Bd6 41. Nd3 fxg4+ 42. Kxg4 f5+ 43. Kf3 Qg7 44. Nf4 Qg4+ 45. Kf2 Bxf4 46. Qxg4 Bxe3+ 0-1

[Event "Krasnoyarsk City-ch"]
[Site "Krasnoyarsk"]
[Date "2013.10.12"]
[Round "10"]
[White "Lukanov, Viktor"]
[Black "Burmakin, Evgeniy"]
[Result "0-1"]
[WhiteElo "2199"]
[BlackElo "2253"]
[PlyCount "128"]
[EventDate "2013.10.03"]
[EventType "swiss"]
[EventRounds "11"]
[EventCountry "RUS"]
[SourceTitle "EXT 2014"]
[Source "ChessBase"]
[SourceDate "2013.11.20"]
[SourceVersion "1"]
[SourceVersionDate "2013.11.20"]
[SourceQuality "1"]

1. d4 b6 2. e4 e6 3. Bd3 Bb7 4. Nf3 d6 5. Bf4 g6 6. 0-0 Bg7 7. c3 Ne7 8. Nbd2 a6 9. Re1 e5 10. Bg3 Nd7 11. Qc2 0-0 12. Rad1 exd4 13. cxd4 Nc6 14. Nb3 a5 15. Bb5 Nb4 16. Qb1 a4 17. Nc1 Ra5 18. Bc4 d5 19. exd5 Bxd5 20. Bxd5 Rxd5 21. Ne2 Ra5 22. Nc3 Nd5 23. Nxd5 Rxd5 24. Qc2 c5 25. Qxa4 cxd4 26. Qc4 Qa8 27. a3 Rc8 28. Qb4 Qa5 29. Qe7 Qc5 30. Qe2 Qc4 31. Qd2 Qb3 32. h4 d3 33. Qb4 Qxb4 34. axb4 Bxb2 35. Re3 Rc1 36. Rxc1 Bxc1 37. Re1 Ba3 38. b5 Rxb5 39. Bf4 Kg7 40. Rd1 Rd5 41. Ne1 Nc5 42. Be3 Kf6 43. Bxc5 bxc5 44. Rxd3 Rxd3 45. Nxd3 c4 46. Ne1 Ke5 47. Kf1 Be7 48. Ke2 Kd4 49. Kd1 Kc3 50. h5 gxh5 51. f3 Kb3 52. Nc2 Bc5 53. Kc1 Kc3 54. Ne1 f5 55. Kd1 f4 56. Kc1 Be3+ 57. Kd1 h4 58. Nc2 Kb3 59. Ne1 Kc3 60. Nc2 Bd2 61. Na3 Kd3 62. Nc2 c3 63. Nb4+ Ke3 64. Nd5+ Kf2 0-1

[Event "Krasnoyarsk City-ch"]
[Site "Krasnoyarsk"]
[Date "2013.10.10"]
[Round "8"]
[White "Lukanov, Viktor"]
[Black "Piskunov, Alexandr"]
[Result "0-1"]
[WhiteElo "2199"]
[BlackElo "2314"]
[PlyCount "114"]
[EventDate "2013.10.03"]
[EventType "swiss"]
[EventRounds "11"]
[EventCountry "RUS"]
[SourceTitle "EXT 2014"]
[Source "ChessBase"]
[SourceDate "2013.11.20"]
[SourceVersion "1"]
[SourceVersionDate "2013.11.20"]
[SourceQuality "1"]

1. d4 d6 2. c4 e5 3. Nf3 e4 4. Ng5 f5 5. Nc3 Nf6 6. g3 Be7 7. Bg2 0-0 8. 0-0 c6 9. f3 d5 10. cxd5 cxd5 11. Nh3 Nc6 12. Be3 Na5 13. Bf4 h6 14. Nb5 Ne8 15. Rc1 Nc6 16. Be3 g5 17. fxe4 fxe4 18. Rxf8+ Bxf8 19. Nf2 Nf6 20. Qd2 Kh7 21. Rf1 Bg7 22. Nc3 Ne7 23. Bh3 Bxh3 24. Nxh3 Qd7 25. Kg2 Rf8 26. Nf2 Nf5 27. Ncd1 Qf7 28. Nc3 Ng4 29. Ncd1 Nfxe3+ 30. Nxe3 Nxf2 31. Nd1 e3 32. Nxe3 Qe6 33. Rxf2 Qe4+ 34. Kg1 Bxd4 35. Nd1 Bxf2+ 36. Nxf2 Qf5 37. Qd4 b6 38. h3 Rf7 39. Qe3 h5 40. Qd4 Kg8 41. Kg2 Qf6 42. Qxf6 Rxf6 43. Nd3 Kf7 44. g4 hxg4 45. hxg4 Ke6 46. Kg3 Rf1 47. Kg2 Rf8 48. Kg3 d4 49. Nf2 Kd5 50. Nh3 Re8 51. Kf2 Re5 52. Ng1 Ke4 53. Nh3 d3 54. exd3+ Kxd3 55. Ng1 Kc2 56. Nf3 Rd5 57. b4 Kb2 0-1

[Event "Krasnoyarsk City-ch"]
[Site "Krasnoyarsk"]
[Date "2013.10.05"]
[Round "3"]
[White "Lukanov, Viktor"]
[Black "Isagov, Nariman"]
[Result "1-0"]
[WhiteElo "2199"]
[BlackElo "2013"]
[PlyCount "81"]
[EventDate "2013.10.03"]
[EventType "swiss"]
[EventRounds "11"]
[EventCountry "RUS"]
[SourceTitle "EXT 2014"]
[Source "ChessBase"]
[SourceDate "2013.11.20"]
[SourceVersion "1"]
[SourceVersionDate "2013.11.20"]
[SourceQuality "1"]

1. d4 d6 2. c4 e5 3. Nf3 e4 4. Ng5 f5 5. d5 Be7 6. Nh3 Nf6 7. Nc3 0-0 8. b3 a5 9. Bb2 Nbd7 10. g3 Ng4 11. Qd2 Bf6 12. Nd1 Nge5 13. Bg2 a4 14. Qc1 Nc5 15. Bxe5 Bxe5 16. Rb1 axb3 17. axb3 Qf6 18. b4 Na4 19. 0-0 Bd7 20. f3 Bd4+ 21. Kh1 e3 22. Nf4 Nc3 23. Nxc3 Bxc3 24. Qxe3 Ra3 25. Qc1 Ra2 26. Rb3 Bd2 27. Qb1 Rfa8 28. Qd3 Ba4 29. Ra3 Qb2 30. Rxa2 Qxa2 31. Ne6 Qb2 32. Qxf5 g6 33. Qg4 Bc2 34. Nxc7 Bf5 35. Qh4 g5 36. Qh5 Rc8 37. Ne6 Bg6 38. Qh6 Qf6 39. c5 Bxb4 40. f4 Bxc5 41. f5 1-0

[Event "Abakan Sayany op"]
[Site "Abakan"]
[Date "2013.08.06"]
[Round "5"]
[White "Lukanov, Viktor"]
[Black "Mokhov, Vladimir"]
[Result "0-1"]
[WhiteElo "2192"]
[BlackElo "2318"]
[PlyCount "68"]
[EventDate "2013.08.02"]
[EventType "swiss"]
[EventRounds "9"]
[EventCountry "RUS"]
[SourceTitle "CBM 155 Extra"]
[Source "ChessBase"]
[SourceDate "2013.08.26"]
[SourceVersion "1"]
[SourceVersionDate "2013.08.26"]
[SourceQuality "1"]

1. d4 Nf6 2. Nf3 e6 3. c4 b6 4. Nc3 Bb4 5. Bg5 Bb7 6. e3 h6 7. Bh4 Bxc3+ 8. bxc3 d6 9. h3 g5 10. Bg3 Ne4 11. Bd3 Nd7 12. Bh2 Qe7 13. Qc2 f5 14. Rb1 0-0-0 15. Rb3 Kb8 16. Ke2 e5 17. Rhb1 Rde8 18. c5 Rhf8 19. cxd6 cxd6 20. Kf1 Nxf2 21. Qxf2 e4 22. Be2 exf3 23. Bxf3 Nf6 24. c4 Ne4 25. Qb2 g4 26. Bxe4 fxe4+ 27. Kg1 Rg8 28. hxg4 Rxg4 29. c5 Qg7 30. Bxd6+ Ka8 31. Rxb6 Rg8 32. Rxb7 Rxg2+ 33. Kh1 Rg1+ 34. Kh2 Rxb1 0-1

[Event "Abakan Sayany op"]
[Site "Abakan"]
[Date "2013.08.04"]
[Round "3"]
[White "Lukanov, Viktor"]
[Black "Piskunov, Alexandr"]
[Result "0-1"]
[WhiteElo "2192"]
[BlackElo "2308"]
[PlyCount "108"]
[EventDate "2013.08.02"]
[EventType "swiss"]
[EventRounds "9"]
[EventCountry "RUS"]
[SourceTitle "CBM 155 Extra"]
[Source "ChessBase"]
[SourceDate "2013.08.26"]
[SourceVersion "1"]
[SourceVersionDate "2013.08.26"]
[SourceQuality "1"]

1. d4 d6 2. c4 e5 3. Nf3 e4 4. Ng5 f5 5. Nc3 Be7 6. Nh3 Nf6 7. Qb3 0-0 8. c5+ d5 9. g3 c6 10. Bg5 h6 11. Bxf6 Bxf6 12. e3 g5 13. Ne2 Rf7 14. Nhg1 Nd7 15. h4 gxh4 16. gxh4 Bxh4 17. Nf4 Nf8 18. Ngh3 Kh7 19. Be2 Qa5+ 20. Kf1 Qc7 21. Rc1 Rg7 22. Bh5 Bd7 23. Ke2 Be8 24. Rcg1 Rxg1 25. Rxg1 Bxh5+ 26. Nxh5 Ne6 27. N3f4 Nxf4+ 28. Nxf4 Rg8 29. Qd1 Rxg1 30. Qxg1 Bg5 31. Nh3 Kg6 32. Nf4+ Kf6 33. Nh5+ Kf7 34. Qg2 b6 35. Qh3 Ke6 36. Ng3 Qf7 37. b4 bxc5 38. bxc5 Qg6 39. a4 Bd8 40. Kf1 Bc7 41. Ne2 Qg5 42. Ke1 h5 43. Qf1 Kd7 44. Ng1 Qg4 45. Kd2 f4 46. exf4 Bxf4+ 47. Kc2 Bh2 48. Ne2 h4 49. Nc3 Bc7 50. Qa6 Qf5 51. Kb3 Qxf2 52. Nb5 cxb5 53. axb5 Qe3+ 54. Kc2 Qd3+ 0-1

[Event "Khakasia-ch"]
[Site "Abakan"]
[Date "2013.03.01"]
[Round "8"]
[White "Lukanov, Viktor"]
[Black "Kozlitin, Roman"]
[Result "0-1"]
[WhiteElo "2193"]
[BlackElo "2325"]
[PlyCount "84"]
[EventDate "2013.02.22"]
[EventType "swiss"]
[EventRounds "9"]
[EventCountry "RUS"]
[SourceTitle "CBM 153 Extra"]
[Source "ChessBase"]
[SourceDate "2013.04.22"]
[SourceVersion "1"]
[SourceVersionDate "2013.04.22"]
[SourceQuality "1"]

1. d4 Nf6 2. c4 e6 3. Nc3 Bb4 4. Qc2 d5 5. e3 c5 6. a3 Bxc3+ 7. bxc3 0-0 8. Nf3 Qa5 9. Bd2 Ne4 10. Bd3 f5 11. 0-0 Nc6 12. Rfb1 a6 13. Be1 dxc4 14. Bxc4 Nd6 15. Be2 c4 16. Nd2 f4 17. e4 Qg5 18. e5 Nf5 19. Nf3 Qh5 20. Bxc4 g5 21. h3 g4 22. hxg4 Qxg4 23. d5 exd5 24. Bxd5+ Kh8 25. Qe4 Nfe7 26. e6 Nxd5 27. Qxd5 Bxe6 28. Qg5 Qxf3 29. Rxb7 Qg4 30. Qxg4 Bxg4 31. c4 Kg8 32. Bc3 Rf7 33. Rb6 Rc7 34. Re1 f3 35. Re3 h5 36. gxf3 Bf5 37. f4 h4 38. Bf6 h3 39. Rg3+ Kf7 40. Rg5 Rg8 41. Rxa6 Rg6 42. Kh2 Rxf6 0-1

[Event "Khakasia-ch"]
[Site "Abakan"]
[Date "2013.02.25"]
[Round "4"]
[White "Kostojakov, Ivan"]
[Black "Lukanov, Viktor"]
[Result "1-0"]
[WhiteElo "2150"]
[BlackElo "2193"]
[PlyCount "57"]
[EventDate "2013.02.22"]
[EventType "swiss"]
[EventRounds "9"]
[EventCountry "RUS"]
[SourceTitle "CBM 153 Extra"]
[Source "ChessBase"]
[SourceDate "2013.04.22"]
[SourceVersion "1"]
[SourceVersionDate "2013.04.22"]
[SourceQuality "1"]

1. d4 d5 2. Nf3 Nf6 3. c4 e6 4. g3 c6 5. Bg2 Bd6 6. 0-0 Nbd7 7. Qc2 0-0 8. Bf4 Qc7 9. e3 dxc4 10. Bxd6 Qxd6 11. Rd1 b5 12. e4 Qe7 13. Nc3 Bb7 14. a4 a6 15. e5 Nd5 16. Ne4 Rfb8 17. Nd6 N7b6 18. Nd2 f5 19. b3 cxb3 20. Nxb3 Nc8 21. Nxb7 Qxb7 22. Na5 Qb6 23. Nxc6 Rb7 24. a5 Qc7 25. Rac1 Nce7 26. Nxe7+ Qxe7 27. Bxd5 exd5 28. Qxf5 Qf7 29. Rc8+ 1-0

[Event "Krasnoyarsk op"]
[Site "Krasnoyarsk"]
[Date "2011.10.09"]
[Round "11"]
[White "Bulchaev, Nurdi"]
[Black "Lukanov, Viktor"]
[Result "1-0"]
[WhiteElo "2009"]
[BlackElo "2193"]
[PlyCount "93"]
[EventDate "2011.09.29"]
[EventType "swiss"]
[EventRounds "11"]
[EventCountry "RUS"]
[SourceTitle "EXT 2013"]
[Source "ChessBase"]
[SourceDate "2012.11.22"]
[SourceVersion "1"]
[SourceVersionDate "2012.11.22"]
[SourceQuality "1"]

1. e4 d6 2. d4 e5 3. Nf3 Nd7 4. Bc4 c6 5. 0-0 Be7 6. c3 Nb6 7. Bb3 Qc7 8. Re1 Nf6 9. Ng5 0-0 10. f4 Bd7 11. f5 Rae8 12. Nd2 Bd8 13. dxe5 dxe5 14. Nf1 c5 15. Ng3 c4 16. Bc2 Bc6 17. Nh5 Nbd7 18. b4 b5 19. Qf3 Nxh5 20. Qxh5 Nf6 21. Qf3 Qb7 22. Nh3 Re7 23. Kh1 Rd7 24. Bg5 Be7 25. g4 h6 26. Bc1 Nh7 27. Be3 Rfd8 28. Kg1 Bh4 29. Bf2 Bxf2+ 30. Nxf2 Rd2 31. Re2 Qe7 32. Qe3 Qg5 33. Qxg5 Nxg5 34. Kf1 Kf8 35. a4 bxa4 36. Bxa4 Rxe2 37. Kxe2 Bxe4 38. Bb5 Bd3+ 39. Ke3 Rb8 40. Bc6 Rd8 41. Rxa7 Bf1 42. b5 Rb8 43. Ra8 Rxa8 44. Bxa8 Ke7 45. b6 Kd7 46. h4 Nh7 47. Ne4 1-0

[Event "Krasnoyarsk op"]
[Site "Krasnoyarsk"]
[Date "2011.10.03"]
[Round "5"]
[White "Lukanov, Viktor"]
[Black "Zalesskij, Michail"]
[Result "1-0"]
[WhiteElo "2193"]
[BlackElo "2078"]
[PlyCount "63"]
[EventDate "2011.09.29"]
[EventType "swiss"]
[EventRounds "11"]
[EventCountry "RUS"]
[SourceTitle "EXT 2013"]
[Source "ChessBase"]
[SourceDate "2012.11.22"]
[SourceVersion "1"]
[SourceVersionDate "2012.11.22"]
[SourceQuality "1"]

1. d4 e5 2. dxe5 Nc6 3. Nf3 Qe7 4. Bf4 Qb4+ 5. Bd2 Qxb2 6. Nc3 Bb4 7. Rb1 Bxc3 8. Rxb2 Bxb2 9. e4 Nxe5 10. c3 Nxf3+ 11. Qxf3 d6 12. e5 Ne7 13. exd6 cxd6 14. Bb5+ Kf8 15. 0-0 d5 16. Re1 a6 17. Qxd5 Be6 18. Qxb7 Rd8 19. Bg5 Ba3 20. Qxa6 Bc5 21. Bc4 Bxc4 22. Qxc4 Bd6 23. g3 h6 24. Bf4 Bxf4 25. Qxf4 Ng6 26. Qc7 Ra8 27. f4 Kg8 28. f5 Nf8 29. Re7 Rh7 30. Rxf7 Rxa2 31. Rxf8+ Kxf8 32. Qd8+ 1-0

[Event "Krasnoyarsk op"]
[Site "Krasnoyarsk"]
[Date "2011.10.02"]
[Round "3"]
[White "Lukanov, Viktor"]
[Black "Sergeev, Ilya"]
[Result "1/2-1/2"]
[WhiteElo "2193"]
[BlackElo "2038"]
[PlyCount "113"]
[EventDate "2011.09.29"]
[EventType "swiss"]
[EventRounds "11"]
[EventCountry "RUS"]
[SourceTitle "EXT 2013"]
[Source "ChessBase"]
[SourceDate "2012.11.22"]
[SourceVersion "1"]
[SourceVersionDate "2012.11.22"]
[SourceQuality "1"]

1. d4 Nf6 2. c4 g6 3. Nc3 Bg7 4. e4 d6 5. Nf3 0-0 6. Be2 e5 7. 0-0 Nbd7 8. Re1 c6 9. h3 exd4 10. Nxd4 Nc5 11. Bf3 Re8 12. Bg5 Ne6 13. Be3 Nxd4 14. Bxd4 Be6 15. Qd3 Qc7 16. Rad1 Rad8 17. Be3 Nd7 18. Bf4 Ne5 19. Bxe5 dxe5 20. Qe2 f6 21. Bg4 Bf7 22. h4 h5 23. Bh3 Bh6 24. Rxd8 Rxd8 25. Rd1 Rxd1+ 26. Nxd1 Qd8 27. b3 Qd4 28. Bc8 b6 29. Qc2 a5 30. a4 b5 31. axb5 cxb5 32. c5 Qb4 33. Qc3 Bd2 34. Qd3 Bh6 35. c6 Bf8 36. Ba6 Bd6 37. Bxb5 Bxb3 38. Nc3 Qc5 39. g3 Be6 40. Na4 Qb4 41. Nc3 Qc5 42. Nd5 Bxd5 43. exd5 Kg7 44. Ba4 Qb6 45. Bc2 f5 46. Qc3 Kf6 47. Kg2 Kg7 48. Qd2 Qd8 49. Ba4 Bb4 50. Qd3 Bd6 51. Qb5 Kf6 52. Qb7 Qc7 53. Qa6 Kg7 54. Kf3 e4+ 55. Ke2 Be5 56. Kd2 Kf6 57. Kc2 1/2-1/2

[Event "Abaza op"]
[Site "Abaza"]
[Date "2011.07.18"]
[Round "3"]
[White "Chernyh, Pavel"]
[Black "Lukanov, Viktor"]
[Result "0-1"]
[WhiteElo "1930"]
[BlackElo "2211"]
[PlyCount "114"]
[EventDate "2011.07.16"]
[EventType "swiss"]
[EventRounds "9"]
[EventCountry "RUS"]
[SourceTitle "EXT 2012"]
[Source "ChessBase"]
[SourceDate "2011.11.24"]
[SourceVersion "1"]
[SourceVersionDate "2011.11.24"]
[SourceQuality "1"]

1. e4 d6 2. d4 Nf6 3. f3 g6 4. c4 Bg7 5. Nc3 0-0 6. Be3 e5 7. d5 Nh5 8. Nge2 f5 9. Qd2 f4 10. Bf2 Nd7 11. 0-0-0 b6 12. Kb1 a6 13. Nc1 Nc5 14. Be2 Bd7 15. g3 Rb8 16. Nd3 Qe7 17. Nb4 Rb7 18. Nd3 Rfb8 19. b4 Nxd3 20. Bxd3 Rf8 21. Be2 Rf7 22. Ka1 Rf8 23. Qb2 Ra8 24. Qa3 Bf8 25. Na4 Rbb8 26. Nb2 c5 27. dxc6 Bxc6 28. Qb3 Kh8 29. Nd3 Qf7 30. Qc3 Bd7 31. Qd2 a5 32. b5 Be6 33. Nb2 a4 34. a3 g5 35. g4 Nf6 36. h4 Qg7 37. hxg5 Qxg5 38. Rh2 Bg8 39. Rdh1 Rb7 40. Bh4 Qg7 41. Bd3 Nd7 42. Qc3 Nc5 43. Bc2 Ne6 44. Bf2 Be7 45. Nd3 Rc8 46. Nb4 Nd4 47. Nd5 Bf6 48. Rh6 Bg5 49. Rxd6 Nxb5 50. Qb4 Nxd6 51. Qxd6 Rxc4 52. Bd3 Rc8 53. Ba6 Rd7 54. Qxb6 Rc2 55. Bd3 Rxf2 56. Qxf2 Bxd5 57. exd5 e4+ 0-1